[Event "MSR2018s4"]
[Site "?"]
[Date "2018.04.24"]
[Round "6.1"]
[White "Hudakova, Nina"]
[Black "Knapova, Nicol"]
[Result "0-1"]
[BlackElo "1000"]
[WhiteElo "1106"]
[LiveChessVersion "1.4.8"]

1. e4 {[%clk 1:30:24]} e5 {[%clk 1:30:52]} 2. Nf3 {[%clk 1:29:38]} Nc6
{[%clk 1:31:15]} 3. c4 {[%clk 1:28:24]} Bc5 {[%clk 1:31:16]} 4. Nc3
{[%clk 1:27:56]} Nf6 {[%clk 1:31:31]} 5. Nxe5 {[%clk 1:27:50]} Nxe5
{[%clk 1:31:10]} 6. d4 {[%clk 1:27:35]} Bb4 {[%clk 1:30:23]} 7. dxe5
{[%clk 1:27:33]} Bxc3+ {[%clk 1:30:38]} 8. bxc3 {[%clk 1:27:33]} Nxe4
{[%clk 1:30:40]} 9. Qf3 {[%clk 1:25:45]} Nc5 {[%clk 1:30:24]} 10. Be3
{[%clk 1:25:14]} Na4 {[%clk 1:29:53]} 11. c5 {[%clk 1:24:59]} Nxc3
{[%clk 1:29:48]} 12. Bc4 {[%clk 1:24:56]} d5 {[%clk 1:29:12]} 13. exd6
{[%clk 1:24:01]} O-O {[%clk 1:28:39]} 14. Qg3 {[%clk 1:24:02]} Ne4
{[%clk 1:28:07]} 15. Qf4 {[%clk 1:23:25]} Qf6 {[%clk 1:26:49]} 16. Qxf6
{[%clk 1:21:14]} Nxf6 {[%clk 1:26:57]} 17. O-O {[%clk 1:21:26]} cxd6
{[%clk 1:26:51]} 18. cxd6 {[%clk 1:21:27]} Be6 {[%clk 1:26:59]} 19. Bb5
{[%clk 1:20:34]} a6 {[%clk 1:27:08]} 20. Ba4 {[%clk 1:20:17]} b5 {[%clk 1:27:27]}
21. Bc2 {[%clk 1:20:21]} Rac8 {[%clk 1:26:31]} 22. Rac1 {[%clk 1:19:45]} Bxa2
{[%clk 1:25:45]} 23. Rfd1 {[%clk 1:19:48]} Be6 {[%clk 1:25:17]} 24. Bg5
{[%clk 1:18:12]} Rfd8 {[%clk 1:25:14]} 25. Bxf6 {[%clk 1:18:17]} gxf6
{[%clk 1:25:33]} 26. f4 {[%clk 1:17:25]} f5 {[%clk 1:25:41]} 27. Rd2
{[%clk 1:16:51]} b4 {[%clk 1:25:20]} 28. Rcd1 {[%clk 1:17:09]} Bd7
{[%clk 1:23:49]} 29. Rd5 {[%clk 1:17:07]} Rxc2 {[%clk 1:22:53]} 30. R1d3
{[%clk 1:16:09]} Rc3 {[%clk 1:22:00]} 31. R3d4 {[%clk 1:14:28]} b3
{[%clk 1:21:43]} 32. Rb4 {[%clk 1:14:41]} Ra8 {[%clk 1:20:42]} 33. Rb7
{[%clk 1:14:38]} Bc6 {[%clk 1:20:18]} 34. Rd4 {[%clk 1:14:30]} Bxb7
{[%clk 1:20:19]} 35. d7 {[%clk 1:14:48]} Rd8 {[%clk 1:20:19]} 36. h3
{[%clk 1:09:44]} Rc1+ {[%clk 1:20:17]} 37. Kh2 {[%clk 1:09:59]} b2
{[%clk 1:20:33]} 38. Rb4 {[%clk 1:10:18]} b1=Q 39. Rxb1 Rxb1 {[%clk 1:20:08]} 40.
h4 {[%clk 1:09:56]} Rxd7 {[%clk 1:20:27]} 41. Kh3 {[%clk 1:10:17]} Rb2
{[%clk 1:20:37]} 42. g3 {[%clk 1:10:28]} Bg2+ {[%clk 1:20:59]} 43. Kh2
{[%clk 1:10:35]} Bf3+ {[%clk 1:20:43]} 44. Kg1 {[%clk 1:10:37]} Rd1# 0-1

[Event "MSR2018s4"]
[Site "?"]
[Date "2018.04.24"]
[Round "6.2"]
[White "Sekova, Olivia"]
[Black "Kaufmanova, Karin"]
[Result "1-0"]
[BlackElo "1092"]
[WhiteElo "1043"]
[LiveChessVersion "1.4.8"]

1. e4 {[%clk 1:30:56]} e5 {[%clk 1:30:56]} 2. Nf3 {[%clk 1:31:03]} Nc6
{[%clk 1:31:14]} 3. Bb5 {[%clk 1:30:06]} a6 {[%clk 1:31:02]} 4. Ba4
{[%clk 1:29:59]} Nf6 {[%clk 1:30:29]} 5. O-O {[%clk 1:29:01]} Bc5
{[%clk 1:30:22]} 6. Re1 {[%clk 1:27:40]} O-O {[%clk 1:30:27]} 7. c3
{[%clk 1:26:40]} d5 {[%clk 1:30:26]} 8. d3 {[%clk 1:24:45]} Bg4 {[%clk 1:30:06]}
9. Bxc6 {[%clk 1:24:01]} bxc6 {[%clk 1:30:20]} 10. Nbd2 {[%clk 1:22:58]} dxe4 11.
dxe4 Qd3 {[%clk 1:27:02]} 12. Nxe5 {[%clk 1:22:11]} Qd6 {[%clk 1:25:03]} 13. Nxg4
{[%clk 1:22:24]} Rfd8 {[%clk 1:14:58]} 14. e5 {[%clk 1:21:55]} Qe6
{[%clk 1:14:55]} 15. exf6 {[%clk 1:22:05]} Qf5 {[%clk 1:14:30]} 16. Re5
{[%clk 1:20:13]} Qg6 {[%clk 1:14:48]} 17. Rxc5 {[%clk 1:19:28]} Rd6
{[%clk 0:59:41]} 18. Qf3 {[%clk 1:19:06]} gxf6 {[%clk 0:59:36]} 19. Rxc6
{[%clk 1:18:18]} Rxc6 {[%clk 0:59:48]} 20. Qxc6 {[%clk 1:18:35]} Rd8
{[%clk 0:59:41]} 21. h3 {[%clk 1:17:24]} Rd6 {[%clk 0:59:02]} 22. Qxc7
{[%clk 1:16:53]} 1-0

[Event "MSR2018s4"]
[Site "?"]
[Date "2018.04.24"]
[Round "6.3"]
[White "Petrus, Daniel"]
[Black "Magda, Filip"]
[Result "1-0"]
[BlackElo "1197"]
[WhiteElo "1122"]
[LiveChessVersion "1.4.8"]

1. e4 {[%clk 1:30:51]} d5 {[%clk 1:30:47]} 2. exd5 {[%clk 1:31:03]} Qxd5
{[%clk 1:30:53]} 3. Nc3 {[%clk 1:31:11]} Qa5 {[%clk 1:30:59]} 4. d4
{[%clk 1:30:51]} c6 {[%clk 1:30:53]} 5. Nf3 {[%clk 1:30:04]} Nf6 {[%clk 1:30:14]}
6. Bd2 {[%clk 1:29:23]} Qc7 {[%clk 1:29:17]} 7. Bc4 {[%clk 1:28:38]} Bf5
{[%clk 1:28:41]} 8. O-O {[%clk 1:27:03]} h6 {[%clk 1:28:30]} 9. Ne2
{[%clk 1:26:28]} Nbd7 {[%clk 1:28:18]} 10. c3 {[%clk 1:26:38]} e6
{[%clk 1:27:31]} 11. Ng3 {[%clk 1:26:26]} O-O-O {[%clk 1:25:48]} 12. Nxf5
{[%clk 1:26:33]} g6 {[%clk 1:25:24]} 13. Ng3 {[%clk 1:26:47]} Bd6
{[%clk 1:24:46]} 14. Re1 {[%clk 1:24:46]} h5 {[%clk 1:24:16]} 15. Bg5
{[%clk 1:23:18]} Rde8 {[%clk 1:22:26]} 16. Bxf6 {[%clk 1:22:08]} Nxf6
{[%clk 1:22:20]} 17. Ne4 {[%clk 1:19:15]} Nxe4 {[%clk 1:22:03]} 18. Rxe4
{[%clk 1:19:42]} g5 {[%clk 1:19:47]} 19. g3 {[%clk 1:17:50]} Reg8
{[%clk 1:18:16]} 20. Ne5 {[%clk 1:16:12]} h4 {[%clk 1:16:52]} 21. Nxf7
{[%clk 1:15:39]} Rh7 {[%clk 1:16:10]} 22. Nxd6+ {[%clk 1:15:49]} Qxd6
{[%clk 1:08:12]} 23. Bxe6+ {[%clk 1:15:00]} Kb8 {[%clk 1:07:15]} 24. Bxg8
{[%clk 1:15:13]} Rg7 {[%clk 1:06:30]} 25. Bb3 {[%clk 1:14:48]} hxg3
{[%clk 1:05:58]} 26. hxg3 {[%clk 1:14:41]} Qh6 {[%clk 1:05:12]} 27. Re8+
{[%clk 1:13:29]} Kc7 {[%clk 1:05:27]} 28. Kg2 {[%clk 1:12:14]} g4
{[%clk 1:05:11]} 29. Qh1 {[%clk 1:11:30]} Qf6 {[%clk 1:04:52]} 30. Re3
{[%clk 1:10:49]} Qf5 {[%clk 1:04:14]} 31. Rae1 {[%clk 1:09:26]} Rg6
{[%clk 1:03:15]} 32. Qh7+ {[%clk 1:07:28]} Kb6 {[%clk 1:03:14]} 33. Bf7
{[%clk 1:06:37]} Rf6 {[%clk 1:02:51]} 34. Qxf5 {[%clk 1:04:40]} Rxf5
{[%clk 1:02:47]} 35. Be6 {[%clk 1:05:01]} Rb5 {[%clk 1:02:08]} 36. b3
{[%clk 1:04:06]} Ra5 {[%clk 1:01:35]} 37. a4 {[%clk 1:04:21]} Rg5
{[%clk 1:01:05]} 38. Re5 {[%clk 1:04:21]} Rg6 {[%clk 1:01:02]} 39. R1e4
{[%clk 1:04:36]} Rg7 {[%clk 1:00:20]} 40. Rxg4 {[%clk 1:04:53]} Rh7
{[%clk 1:00:15]} 41. f4 {[%clk 1:04:57]} Re7 {[%clk 0:59:13]} 42. f5
{[%clk 1:05:12]} Kc7 {[%clk 0:59:13]} 43. f6 {[%clk 1:05:25]} Re8
{[%clk 0:59:02]} 44. f7 {[%clk 1:05:42]} Rf8 {[%clk 0:59:20]} 45. Rg8
{[%clk 1:05:58]} Rxg8 {[%clk 0:59:31]} 46. fxg8=Q {[%clk 1:06:13]} Kb6
{[%clk 0:59:30]} 47. a5+ {[%clk 1:06:27]} Ka6 {[%clk 0:59:38]} 48. Bc4+
{[%clk 1:06:45]} b5 {[%clk 0:59:51]} 49. Bxb5+ {[%clk 1:06:57]} cxb5
{[%clk 1:00:04]} 50. Qc8+ {[%clk 1:07:14]} Kxa5 {[%clk 0:59:16]} 51. Qc7+
{[%clk 1:07:09]} Ka6 {[%clk 0:59:32]} 52. Re6# {[%clk 1:07:30]} 1-0

[Event "MSR2018s4"]
[Site "?"]
[Date "2018.04.24"]
[Round "6.4"]
[White "Durovka, Marek"]
[Black "Meszaros, Casey Ryan"]
[Result "1-0"]
[BlackElo "1000"]
[WhiteElo "1000"]
[LiveChessVersion "1.4.8"]

1. c4 {[%clk 1:30:54]} c5 {[%clk 1:30:48]} 2. Nc3 {[%clk 1:30:56]} Nc6
{[%clk 1:31:09]} 3. g3 {[%clk 1:30:00]} g6 {[%clk 1:30:52]} 4. b3
{[%clk 1:29:45]} b6 {[%clk 1:31:08]} 5. Bb2 {[%clk 1:29:46]} Bb7 {[%clk 1:31:04]}
6. Bg2 {[%clk 1:29:25]} Bg7 {[%clk 1:31:12]} 7. e3 {[%clk 1:28:52]} e6
{[%clk 1:30:51]} 8. Nge2 {[%clk 1:28:55]} Nge7 {[%clk 1:30:59]} 9. O-O
{[%clk 1:28:06]} O-O {[%clk 1:31:20]} 10. Qc2 {[%clk 1:27:41]} Qc7
{[%clk 1:31:27]} 11. Nb5 {[%clk 1:23:59]} Nb4 12. Bxg7 {[%clk 1:13:00]} Bxg2
{[%clk 1:23:20]} 13. Qc3 {[%clk 1:02:15]} Qc6 {[%clk 1:12:21]} 14. Bxf8
{[%clk 0:57:51]} Rxf8 {[%clk 1:12:29]} 15. Rfe1 {[%clk 0:57:28]} Bh1
{[%clk 1:12:14]} 16. e4 {[%clk 0:54:53]} Qxe4 {[%clk 1:10:41]} 17. Nf4
{[%clk 0:53:14]} Qf3 {[%clk 1:06:15]} 18. Qxf3 {[%clk 0:52:15]} Bxf3
{[%clk 1:06:24]} 19. Rac1 {[%clk 0:49:25]} g5 {[%clk 1:05:32]} 20. Re3
{[%clk 0:48:16]} gxf4 {[%clk 1:04:36]} 21. Rxf3 {[%clk 0:48:33]} fxg3
{[%clk 1:03:39]} 22. Rxg3+ {[%clk 0:48:50]} Kh8 {[%clk 1:03:05]} 23. a3
{[%clk 0:44:23]} Nbc6 {[%clk 1:03:05]} 24. Nd6 {[%clk 0:40:24]} Nd4
{[%clk 1:00:36]} 25. Kf1 {[%clk 0:19:54]} Nec6 {[%clk 0:57:32]} 26. f3
{[%clk 0:18:32]} Nxb3 27. Rd1 {[%clk 0:18:13]} Nbd4 {[%clk 0:56:37]} 28. Kf2
{[%clk 0:17:45]} Ne7 {[%clk 0:55:38]} 29. Rdg1 {[%clk 0:18:03]} Ndf5
{[%clk 0:55:06]} 30. Nxf5 {[%clk 0:14:45]} Nxf5 {[%clk 0:55:22]} 31. R3g2
{[%clk 0:13:22]} f6 {[%clk 0:52:00]} 32. Ke2 {[%clk 0:10:27]} Rf7
{[%clk 0:51:35]} 33. Rg8# 1-0

[Event "MSR2018s4"]
[Site "?"]
[Date "2018.04.24"]
[Round "6.5"]
[White "Strapec, Lukas"]
[Black "Dolnik, Michal"]
[Result "1-0"]
[BlackElo "1095"]
[WhiteElo "1201"]
[LiveChessVersion "1.4.8"]

1. c4 {[%clk 1:30:52]} e5 {[%clk 1:30:20]} 2. Nc3 {[%clk 1:30:44]} Nf6
{[%clk 1:30:27]} 3. g3 {[%clk 1:30:38]} Bc5 {[%clk 1:29:34]} 4. e3
{[%clk 1:30:17]} Nc6 {[%clk 1:29:24]} 5. Bg2 {[%clk 1:29:44]} b6 {[%clk 1:28:30]}
6. Nge2 {[%clk 1:23:44]} Bb7 {[%clk 1:27:02]} 7. O-O {[%clk 1:22:11]} O-O
{[%clk 1:27:03]} 8. d4 {[%clk 1:18:59]} exd4 {[%clk 1:27:14]} 9. exd4
{[%clk 1:18:23]} Be7 {[%clk 1:25:13]} 10. d5 {[%clk 1:11:44]} Ne5
{[%clk 1:13:49]} 11. d6 {[%clk 1:07:53]} Bxg2 {[%clk 1:04:45]} 12. dxe7
{[%clk 1:06:53]} Qxe7 {[%clk 1:04:44]} 13. Kxg2 {[%clk 1:04:40]} Nxc4
{[%clk 0:48:04]} 14. b3 {[%clk 0:49:27]} Na5 {[%clk 0:46:14]} 15. Bg5
{[%clk 0:46:48]} d6 {[%clk 0:33:51]} 16. Bxf6 {[%clk 0:42:02]} Qxf6
{[%clk 0:33:19]} 17. Qd4 {[%clk 0:38:51]} Qxd4 {[%clk 0:32:14]} 18. Nxd4
{[%clk 0:39:09]} Rad8 {[%clk 0:29:45]} 19. Rfe1 {[%clk 0:35:38]} Rfe8
{[%clk 0:26:01]} 20. Kf1 {[%clk 0:29:23]} h6 {[%clk 0:26:16]} 21. Rxe8+
{[%clk 0:29:12]} Rxe8 {[%clk 0:25:40]} 22. Re1 {[%clk 0:28:58]} Rd8
{[%clk 0:25:56]} 23. Re7 {[%clk 0:28:24]} c5 {[%clk 0:25:58]} 24. Nf5
{[%clk 0:27:55]} d5 {[%clk 0:25:55]} 25. Rxa7 {[%clk 0:24:32]} d4
{[%clk 0:26:15]} 26. Nd1 {[%clk 0:24:24]} d3 {[%clk 0:24:58]} 27. Ke1
{[%clk 0:22:45]} d2+ {[%clk 0:24:58]} 28. Ke2 {[%clk 0:22:32]} g6
{[%clk 0:23:05]} 29. Nxh6+ {[%clk 0:22:10]} Kg7 {[%clk 0:23:17]} 30. Nxf7
{[%clk 0:21:41]} Kf6 {[%clk 0:22:38]} 31. Nxd8 {[%clk 0:22:05]} Kg5
{[%clk 0:22:43]} 32. Kxd2 {[%clk 0:21:59]} c4 {[%clk 0:22:37]} 33. Rxa5+
{[%clk 0:21:56]} Kh6 {[%clk 0:22:47]} 34. Rd5 {[%clk 0:21:47]} cxb3
{[%clk 0:23:01]} 35. axb3 {[%clk 0:22:04]} g5 {[%clk 0:23:15]} 36. Ke3
{[%clk 0:22:21]} Kh5 {[%clk 0:23:18]} 37. Kf3 {[%clk 0:22:20]} Kh6
{[%clk 0:23:37]} 38. Kg4 {[%clk 0:22:32]} Kg6 {[%clk 0:23:52]} 39. Rd6+
{[%clk 0:22:59]} Kg7 {[%clk 0:24:11]} 40. Kxg5 {[%clk 0:22:40]} Kh8
{[%clk 0:24:18]} 41. Kg6 {[%clk 0:22:58]} Kg8 {[%clk 0:24:37]} 42. Rxb6
{[%clk 0:22:50]} Kh8 {[%clk 0:24:58]} 43. Re6 {[%clk 0:22:52]} Kg8
{[%clk 0:25:19]} 44. Re8# 1-0

[Event "MSR2018s4"]
[Site "?"]
[Date "2018.04.24"]
[Round "6.6"]
[White "Elias, Simon"]
[Black "Banas, Samuel"]
[Result "0-1"]
[BlackElo "1063"]
[WhiteElo "1036"]
[LiveChessVersion "1.4.8"]

1. d4 {[%clk 1:31:20]} d5 {[%clk 1:27:53]} 2. c4 {[%clk 1:31:36]} c6
{[%clk 1:27:08]} 3. Nc3 {[%clk 1:31:40]} Nf6 {[%clk 1:27:13]} 4. Bg5
{[%clk 1:31:36]} e6 {[%clk 1:26:00]} 5. e3 {[%clk 1:31:38]} g6 {[%clk 1:23:20]}
6. Nf3 {[%clk 1:28:54]} Bg7 {[%clk 1:20:50]} 7. Bd3 {[%clk 1:28:56]} O-O
{[%clk 1:18:48]} 8. O-O {[%clk 1:26:47]} Re8 {[%clk 1:11:50]} 9. e4
{[%clk 1:22:06]} Qd7 {[%clk 1:07:32]} 10. e5 {[%clk 1:21:50]} Ne4
{[%clk 1:06:44]} 11. Nxe4 {[%clk 1:20:38]} dxe4 {[%clk 1:06:25]} 12. Bxe4
{[%clk 1:20:28]} f5 {[%clk 1:03:50]} 13. Bd3 {[%clk 1:20:03]} b6 {[%clk 1:02:31]}
14. Qd2 {[%clk 1:19:44]} Kh8 {[%clk 1:02:11]} 15. Bh6 {[%clk 1:19:30]} Na6
{[%clk 1:01:35]} 16. Bg5 {[%clk 1:17:16]} c5 {[%clk 1:01:46]} 17. dxc5
{[%clk 1:17:02]} Nxc5 {[%clk 1:01:45]} 18. Bc2 {[%clk 1:16:52]} Qxd2
{[%clk 1:00:35]} 19. Nxd2 {[%clk 1:17:04]} Bxe5 20. Rfe1 {[%clk 1:16:55]} Bxb2
{[%clk 1:00:36]} 21. Rab1 {[%clk 1:16:36]} Bc3 {[%clk 1:00:48]} 22. h4
{[%clk 1:15:49]} Ba6 {[%clk 1:01:04]} 23. Bb3 {[%clk 0:01:23]} Kg7
{[%clk 1:00:55]} 24. Kh2 {[%clk 0:01:21]} h6 {[%clk 1:01:07]} 25. Be3
{[%clk 0:01:17]} Red8 {[%clk 1:01:17]} 26. Rbd1 {[%clk 0:01:21]} Rd7
{[%clk 1:01:22]} 27. Kg3 {[%clk 0:01:22]} Rad8 {[%clk 1:01:13]} 28. Re2
{[%clk 0:01:29]} Be5+ {[%clk 1:00:48]} 29. Kf3 {[%clk 0:00:57]} Bb7+
{[%clk 0:59:00]} 30. Ne4 {[%clk 0:00:47]} Bxe4# {[%clk 0:59:04]} 0-1

[Event "MSR2018s4"]
[Site "?"]
[Date "2018.04.24"]
[Round "6.7"]
[White "Hudak, Michal"]
[Black "Roman, Jakub"]
[Result "1-0"]
[BlackElo "1000"]
[WhiteElo "1031"]
[LiveChessVersion "1.4.8"]

1. c4 {[%clk 1:30:57]} e5 {[%clk 1:26:02]} 2. Nc3 {[%clk 1:29:15]} Nf6
{[%clk 1:25:27]} 3. g3 {[%clk 1:29:08]} d5 {[%clk 1:25:13]} 4. cxd5
{[%clk 1:29:24]} Nxd5 {[%clk 1:25:04]} 5. Bg2 {[%clk 1:27:33]} Be6
{[%clk 1:23:34]} 6. Nf3 {[%clk 1:27:51]} Nc6 {[%clk 1:23:10]} 7. O-O
{[%clk 1:26:21]} g6 {[%clk 1:23:11]} 8. d3 {[%clk 1:26:42]} Bg7 {[%clk 1:23:31]}
9. Bd2 {[%clk 1:26:49]} O-O {[%clk 1:23:41]} 10. a3 {[%clk 1:27:01]} f5
{[%clk 1:23:38]} 11. Ne1 {[%clk 1:26:05]} Nxc3 {[%clk 1:23:35]} 12. bxc3
{[%clk 1:26:09]} b6 {[%clk 1:23:50]} 13. Rb1 {[%clk 1:26:22]} Bd5
{[%clk 1:23:52]} 14. Nf3 {[%clk 1:25:46]} e4 {[%clk 1:23:57]} 15. dxe4
{[%clk 1:12:32]} fxe4 16. Bg5 Bb3 {[%clk 1:20:06]} 17. Qxb3+ {[%clk 1:09:30]} Kh8
{[%clk 1:19:47]} 18. Bxd8 {[%clk 1:09:48]} Raxd8 {[%clk 1:19:54]} 19. Ng5
{[%clk 1:09:55]} h6 {[%clk 1:18:55]} 20. Nf7+ {[%clk 1:10:04]} Rxf7
{[%clk 1:18:56]} 21. Qxf7 {[%clk 1:10:31]} Rf8 {[%clk 1:18:56]} 22. Qxg6
{[%clk 1:10:06]} Rf6 {[%clk 1:18:18]} 23. Qxf6 {[%clk 1:10:26]} Bxf6
{[%clk 1:18:37]} 24. Bxe4 {[%clk 1:10:37]} Ne7 {[%clk 1:18:27]} 25. f4
{[%clk 1:07:40]} Bxc3 {[%clk 1:16:45]} 26. Rbc1 {[%clk 1:06:11]} Bd4+
{[%clk 1:16:26]} 27. Rf2 {[%clk 1:05:57]} Bb2 {[%clk 1:16:10]} 28. Rxc7
{[%clk 1:05:46]} Ng8 {[%clk 1:16:16]} 29. Rxa7 {[%clk 1:06:00]} b5
{[%clk 1:16:06]} 30. Bc2 {[%clk 1:06:21]} Bd4 {[%clk 1:16:11]} 31. e4
{[%clk 1:06:34]} Bxa7 {[%clk 1:16:27]} 32. f5 {[%clk 1:06:52]} Kg7
{[%clk 1:16:28]} 33. e5 {[%clk 1:07:13]} h5 34. f6+ Nxf6 {[%clk 1:14:05]} 35.
exf6+ {[%clk 1:03:54]} Kf7 {[%clk 1:14:23]} 36. Bb3+ {[%clk 1:04:10]} Ke8 37. f7+
Kf8 {[%clk 1:13:20]} 38. Kg2 {[%clk 1:04:33]} Bxf2 {[%clk 1:13:33]} 39. Kxf2 b4
40. axb4 {[%clk 1:04:31]} Ke7 {[%clk 1:13:36]} 41. b5 {[%clk 1:04:41]} h4
{[%clk 1:13:42]} 42. b6 {[%clk 1:05:00]} hxg3+ {[%clk 1:13:56]} 43. hxg3
{[%clk 1:05:29]} Kf8 44. b7 Kg7 45. b8=Q Kh7 46. f8=N+ Kh8 47. Ng6+ Kh7 48. Bc2
Kg7 {[%clk 1:11:04]} 49. Qf4 {[%clk 1:05:42]} Kh7 {[%clk 1:11:12]} 50. Qf7+
{[%clk 1:05:40]} Kh6 {[%clk 1:10:09]} 51. g4 {[%clk 1:06:04]} Kg5
{[%clk 1:09:27]} 52. Qf4# 1-0

[Event "MSR2018s4"]
[Site "?"]
[Date "2018.04.24"]
[Round "6.8"]
[White "Gobl, Fabian"]
[Black "Zvoda, Matej"]
[Result "1-0"]
[WhiteElo "1118"]
[BlackElo "1000"]
[PlyCount "72"]
[EventDate "2018.??.??"]

1. d4 d5 2. Nf3 Nc6 3. Bf4 Bf5 4. e3 e6 5. Nbd2 Bb4 6. c3 Ba5 7. Be2 Nge7 8.
O-O O-O 9. h3 Qd7 10. Rc1 Rad8 11. b4 Bb6 12. a4 a5 13. b5 Na7 14. c4 Nac8 15.
c5 Ba7 16. b6 cxb6 17. cxb6 Nxb6 18. Rc7 Qe8 19. Rxb7 Ra8 20. Bb5 Nd7 21. Bxd7
Qd8 22. Bb5 Nc8 23. Bc6 Rb8 24. Bxb8 Qf6 25. Bxa7 Qg6 26. Bc5 Bxh3 27. Nh4 Qg5
28. Ndf3 Qg4 29. Rb8 g5 30. Bb5 gxh4 31. Nxh4 Qxh4 32. g3 Qe4 33. f3 Qe5 34.
dxe5 Kg7 35. Bxf8+ Kxf8 36. Rxc8+ Kg7 1-0

[Event "MSR2018s4"]
[Site "?"]
[Date "2018.04.24"]
[Round "6.10"]
[White "Kulich, Filip"]
[Black "Boba, Kristian"]
[Result "0-1"]
[BlackElo "1050"]
[WhiteElo "1000"]
[LiveChessVersion "1.4.8"]

1. e4 {[%clk 1:20:58]} e5 {[%clk 1:30:46]} 2. Nf3 {[%clk 1:21:21]} Nc6
{[%clk 1:30:46]} 3. Bb5 {[%clk 1:21:41]} Nf6 {[%clk 1:30:25]} 4. Nc3
{[%clk 1:22:09]} Bb4 {[%clk 1:30:04]} 5. O-O {[%clk 1:22:18]} O-O
{[%clk 1:30:28]} 6. Bxc6 dxc6 7. Nxe5 {[%clk 1:21:40]} Bxc3 {[%clk 1:29:25]} 8.
bxc3 {[%clk 1:21:56]} Nxe4 {[%clk 1:29:20]} 9. Re1 {[%clk 1:22:14]} Nf6
{[%clk 1:29:10]} 10. d4 {[%clk 1:22:26]} Bd7 {[%clk 1:23:51]} 11. Bg5
{[%clk 1:22:37]} Be6 {[%clk 1:22:37]} 12. Qd3 {[%clk 1:22:54]} a6
{[%clk 1:21:58]} 13. Bxf6 {[%clk 1:23:07]} Qxf6 {[%clk 1:19:23]} 14. Re3
{[%clk 1:23:10]} Bf5 {[%clk 1:17:20]} 15. Qe2 {[%clk 1:23:05]} b5
{[%clk 1:16:58]} 16. g4 {[%clk 1:23:30]} Bc8 {[%clk 1:16:01]} 17. Rh3
{[%clk 1:23:49]} h6 {[%clk 1:15:33]} 18. Qe4 {[%clk 1:23:56]} Rb8
{[%clk 1:13:50]} 19. Nxc6 {[%clk 1:24:15]} Bb7 {[%clk 1:13:32]} 20. Ne7+
{[%clk 1:24:19]} Kh8 {[%clk 1:13:42]} 21. g5 {[%clk 1:23:17]} Qxg5+
{[%clk 1:13:37]} 22. Rg3 {[%clk 1:23:39]} Qxg3+ {[%clk 1:13:25]} 23. hxg3
{[%clk 1:23:56]} Bxe4 {[%clk 1:13:28]} 24. Re1 {[%clk 1:24:15]} Bxc2
{[%clk 1:12:34]} 25. Nc6 {[%clk 1:24:27]} Rbe8 {[%clk 1:12:34]} 26. Ne5
{[%clk 1:24:39]} Kh7 {[%clk 1:12:28]} 27. Nf3 {[%clk 1:24:42]} Rxe1+
{[%clk 1:12:04]} 28. Nxe1 {[%clk 1:25:09]} Be4 {[%clk 1:11:44]} 29. Kf1
{[%clk 1:25:15]} a5 {[%clk 1:11:14]} 30. Ke2 {[%clk 1:25:43]} Bd5
{[%clk 1:10:56]} 31. Nd3 {[%clk 1:25:53]} Bc4 {[%clk 1:10:58]} 32. Kd2
{[%clk 1:26:04]} Bxa2 {[%clk 1:11:01]} 33. Ne5 {[%clk 1:26:25]} b4
{[%clk 1:11:17]} 34. cxb4 {[%clk 1:26:47]} axb4 {[%clk 1:11:08]} 35. Kc1
{[%clk 1:27:08]} Rb8 {[%clk 1:09:37]} 36. Nd3 {[%clk 1:27:26]} g5
{[%clk 1:09:11]} 37. Kb2 {[%clk 1:27:47]} Bc4 {[%clk 1:09:01]} 0-1

[Event "MSR2018s4"]
[Site "?"]
[Date "2018.04.24"]
[Round "6.11"]
[White "Szczygel, Viktor"]
[Black "Sokolsky, David"]
[Result "1/2-1/2"]
[BlackElo "1000"]
[WhiteElo "1000"]
[LiveChessVersion "1.4.8"]

1. e4 {[%clk 1:30:51]} e5 {[%clk 1:30:53]} 2. Nf3 {[%clk 1:31:05]} Nc6
{[%clk 1:31:10]} 3. Nc3 {[%clk 1:31:18]} Bc5 {[%clk 1:31:20]} 4. Bc4
{[%clk 1:31:17]} Nf6 {[%clk 1:31:13]} 5. d3 {[%clk 1:31:30]} Ng4 {[%clk 1:31:15]}
6. O-O {[%clk 1:31:33]} O-O {[%clk 1:30:40]} 7. Bg5 {[%clk 1:31:12]} Nf6
{[%clk 1:30:52]} 8. Nd5 {[%clk 1:30:43]} Be7 {[%clk 1:30:41]} 9. Nxe7+
{[%clk 1:30:05]} Qxe7 {[%clk 1:30:55]} 10. Bxf6 Qxf6 11. Bb3 {[%clk 1:19:46]} Qd8
{[%clk 1:31:02]} 12. c3 {[%clk 1:19:25]} d6 {[%clk 1:31:08]} 13. Bc2
{[%clk 1:17:34]} Bg4 {[%clk 1:30:56]} 14. h3 {[%clk 1:17:38]} Bxf3 15. Qxf3 Qd7
{[%clk 1:29:41]} 16. Qg3 {[%clk 1:13:14]} h6 {[%clk 1:29:13]} 17. Rfe1
{[%clk 1:10:12]} Rae8 {[%clk 1:28:38]} 18. Re3 {[%clk 1:09:21]} g6
{[%clk 1:24:41]} 19. Qh4 g5 20. Qxh6 {[%clk 1:06:48]} g4 21. hxg4 Qxg4
{[%clk 1:23:38]} 22. Rh3 {[%clk 1:06:33]} Qg7 {[%clk 1:23:22]} 1/2-1/2

[Event "MSR2018s4"]
[Site "?"]
[Date "2018.04.24"]
[Round "6.12"]
[White "Kriska, Alexander"]
[Black "Martynek, Filip"]
[Result "0-1"]
[BlackElo "1000"]
[WhiteElo "1000"]
[LiveChessVersion "1.4.8"]

1. d4 {[%clk 1:30:56]} d6 {[%clk 1:30:52]} 2. Nf3 {[%clk 1:30:47]} Nf6
{[%clk 1:30:32]} 3. Bf4 {[%clk 1:30:33]} g6 {[%clk 1:30:06]} 4. h3
{[%clk 1:29:30]} Bg7 {[%clk 1:29:29]} 5. c3 {[%clk 1:27:33]} O-O {[%clk 1:28:34]}
6. e3 {[%clk 1:27:31]} Bf5 {[%clk 1:28:12]} 7. Nbd2 {[%clk 1:27:17]} Nbd7
{[%clk 1:26:05]} 8. Be2 {[%clk 1:27:15]} c5 {[%clk 1:25:51]} 9. Rc1
{[%clk 1:26:51]} b6 {[%clk 1:25:41]} 10. O-O {[%clk 1:26:59]} Rc8
{[%clk 1:25:50]} 11. Re1 {[%clk 1:24:35]} cxd4 {[%clk 1:25:31]} 12. exd4
{[%clk 1:24:15]} Re8 {[%clk 1:25:16]} 13. a3 {[%clk 1:23:12]} Nd5
{[%clk 1:23:53]} 14. c4 {[%clk 1:18:33]} Nxf4 {[%clk 1:23:19]} 15. Bf1
{[%clk 1:14:47]} Nf6 {[%clk 1:22:32]} 16. g3 {[%clk 1:12:31]} Nxh3+
{[%clk 1:21:44]} 17. Bxh3 {[%clk 1:12:25]} Bxh3 {[%clk 1:21:26]} 18. Ng5
{[%clk 1:09:06]} Qd7 {[%clk 1:21:22]} 19. Nxh3 {[%clk 1:08:39]} Qxh3
{[%clk 1:20:59]} 20. d5 {[%clk 1:01:52]} Ng4 {[%clk 1:20:54]} 21. Nf3
{[%clk 1:00:18]} e5 {[%clk 1:20:46]} 22. b3 {[%clk 0:56:23]} e4 {[%clk 1:20:36]}
23. Nd2 {[%clk 0:55:27]} Qh2+ {[%clk 1:20:51]} 24. Kf1 {[%clk 0:54:58]} Qxf2# 0-1